AC Power Systems Handbook\ (Record no. 32265)

000 -LEADER
fixed length control field 01476cam a22003974a 4500
001 - CONTROL NUMBER
control field 7915171
003 - CONTROL NUMBER IDENTIFIER
control field OSt
005 - DATE AND TIME OF LATEST TRANSACTION
control field 20210810120036.0
006 - FIXED-LENGTH DATA ELEMENTS--ADDITIONAL MATERIAL CHARACTERISTICS
fixed length control field m d
007 - PHYSICAL DESCRIPTION FIXED FIELD--GENERAL INFORMATION
fixed length control field cr n
008 - FIXED-LENGTH DATA ELEMENTS--GENERAL INFORMATION
fixed length control field 060228s2007 flua sbf 001 0 eng d
020 ## - INTERNATIONAL STANDARD BOOK NUMBER
International Standard Book Number 0849340349 (alk. paper)
035 ## - SYSTEM CONTROL NUMBER
System control number (WaSeSS)ssj0000096307
038 ## - RECORD CONTENT LICENSOR
Staff Name khadija
040 ## - CATALOGING SOURCE
Original cataloging agency DLC
Transcribing agency DLC
Modifying agency BAKER
-- C#P
-- BTCTA
-- YDXCP
-- DLC
-- WaSeSS
042 ## - AUTHENTICATION CODE
Authentication code pcc
050 #4 - LIBRARY OF CONGRESS CALL NUMBER
Classification number TK3141
Item number .W45 2007
082 00 - DEWEY DECIMAL CLASSIFICATION NUMBER
Classification number 621.31913
Edition number 22
Author Mark WHI
100 1# - MAIN ENTRY--PERSONAL NAME
Personal name Whitaker, Jerry C.
9 (RLIN) 58881
210 10 - ABBREVIATED TITLE
Abbreviated title AC power systems handbook
245 10 - TITLE STATEMENT
Title AC Power Systems Handbook\
Statement of responsibility, etc. Jerry C. Whitaker.
250 ## - EDITION STATEMENT
Edition statement 3rd ed.
260 ## - PUBLICATION, DISTRIBUTION, ETC.
Place of publication, distribution, etc. Boca Raton, FL :
Name of publisher, distributor, etc. CRC/Taylor & Francis,
Date of publication, distribution, etc. 2007.
490 0# - SERIES STATEMENT
Series statement Electronics handbook series
504 ## - BIBLIOGRAPHY, ETC. NOTE
Bibliography, etc. note Includes bibliographical references and indexes.
506 ## - RESTRICTIONS ON ACCESS NOTE
Terms governing access License restrictions may limit access.
563 ## - BINDING INFORMATION
Binding note hard cover
650 #0 - SUBJECT ADDED ENTRY--TOPICAL TERM
Topical term or geographic name entry element Electric power distribution
General subdivision Alternating current
Form subdivision Handbooks, manuals, etc.
9 (RLIN) 81378
650 #0 - SUBJECT ADDED ENTRY--TOPICAL TERM
Topical term or geographic name entry element Electric power systems
General subdivision Protection
Form subdivision Handbooks, manuals, etc.
9 (RLIN) 81379
773 #0 - HOST ITEM ENTRY
Title ENGnetBASE
773 #0 - HOST ITEM ENTRY
Title ELECTRICALENGINEERINGnetBASE
856 40 - ELECTRONIC LOCATION AND ACCESS
Uniform Resource Identifier <a href="http://www.columbia.edu/cgi-bin/cul/resolve?clio7915171.001">http://www.columbia.edu/cgi-bin/cul/resolve?clio7915171.001</a>
Public note Full text available from ELECTRICALENGINEERINGnetBASE
856 40 - ELECTRONIC LOCATION AND ACCESS
Uniform Resource Identifier <a href="http://www.columbia.edu/cgi-bin/cul/resolve?clio7915171.002">http://www.columbia.edu/cgi-bin/cul/resolve?clio7915171.002</a>
Public note Full text available from ENGnetBASE
910 ## - USER-OPTION DATA (OCLC)
User-option data Library of Congress record
942 ## - ADDED ENTRY ELEMENTS (KOHA)
Source of classification or shelving scheme
Koha item type Book
Holdings
Withdrawn status Lost status Source of classification or shelving scheme Damaged status Not for loan Permanent Location Current Location Shelving location Date acquired Full call number Barcode Date last seen Price effective from Koha item type Public note
          School of Mechanical & Manufacturing Engineering (SMME) School of Mechanical & Manufacturing Engineering (SMME) Reference 07/31/2015 621.31913 WHI SMME-795 03/27/2018 07/31/2015 Book Rack,11-Shelf,1
© 2023 Central Library, National University of Sciences and Technology. All Rights Reserved.